Statistics for Biggest Cities in Lesotho on a Map

Click here to take the quiz!

General Stats

  • This quiz has been taken 51 times
  • The average score is 5 of 10

Answers on the Map

Answers color-coded by a green-red scale on the quiz's map according to % correct below.
 

Answer Stats

PopulationCity% Correct
330,760Maseru
100%
38,558Hlotse
53%
15,917Qacha's Nek
53%
39,754Mafeteng
51%
40,040Mohale's Hoek
49%
35,108Butha-Buthe
42%
55,541Maputsoe
42%
27,314Quthing
42%
24,257Teyateyaneng
42%
15,248Thaba-Tseka
42%

Score Distribution

Percentile by Number Answered

Percent of People with Each Score

Your Score History

You have not taken this quiz